000 00683cab a2200229 4500
001 WB3202-50
008 090401t1996 xxu||||| |||| 00| 0 eng d
035 _a(Sirsi) u62062
041 _aeng
245 _aInvestigation into milk market
260 _c1996
350 _a0
490 _aFinancial Times
_v11 January 1996, 33(1)
520 _aNorthern Foods has called for a full investigation by the Monopolies and Mergers Commission into the supply of milk in England and Wales.
650 _aDAIRIES
650 _aMILK MARKET
650 _aMILK SUPPLY
650 _aMONOPOLIES AND MERGERS COMMISSION
690 _aRURAL PRACTICE
942 _n0
948 _c04/03/1997
999 _c38536
_d38536